000 00700nam a2200193Ia 4500
003 GCL
008 140319s9999 xx 000 0 ara d
020 _a8481604977
040 _aGCL /
_cGCL
082 0 4 _a363.256
_bخ ث
100 1 _aخالد حمد محمد الحمادى
245 1 0 _aالثورة البيولوجية ودورها فى الكشف عن الجريمة D N A /
_cخالد حمد محمد الحمادى
260 _aالقاهرة :
_bخالد حمد محمد الحمادى ،
_c2005
300 _a84 ص ؛
_c24 سم
650 0 4 _aالادلة الجنائية
650 0 4 _aبصمة - الحمض النووى
650 0 4 _aالبصمة الوراثية
942 _2ddc
_cBK
999 _c8607
_d8607